Komikasi kepimpinan dalam organisasi dari perspektif Islam [

Bibliographic Details
Main Author: Moha Yusuf Hussain
Format: Book
Published: Bangi : Inspen , 1988
Subjects:

MARC

LEADER 00000cam a2200000 7i4500
001 0000017765
005 20061130.0
040 |a INS 
090 0 0 |a HD 30.3 1998 
100 0 |a Moha Yusuf Hussain 
245 0 0 |a Komikasi kepimpinan dalam organisasi dari perspektif Islam [  |h video recording]   |c Prof. MAdya Dr. Mohd Yusuf Hussain 
260 |a Bangi :   |b Inspen ,   |c 1988 
300 |a 1 Video cassette (VHS) ( ) :   |b sd., col ;   |c 1/2 in. 
650 0 0 |a Communication in management 
999 |a VHS111   |b VIDEO   |c Media Collection   |e Default branch